پو سٹر (Record no. 171096)

MARC details
000 -LEADER
fixed length control field 00567nam a22001937a 4500
005 - DATE AND TIME OF LATEST TRANSACTION
control field 20200106161216.0
010 ## - LCCN (DPL NO)
LC control number A-845698
020 ## - INTERNATIONAL STANDARD BOOK NUMBER
Terms of availability 60.00
International Standard Book Number -
035 ## - SYSTEM CONTROL NUMBER
System control number A-845698
037 ## - SOURCE OF ACQUISITION
Source of stock number/acquisition DBAD/PUB
Stock number -
082 ## - DEWEY DECIMAL CLASSIFICATION NUMBER
Classification number ک
100 ## - MAIN ENTRY--PERSONAL NAME
Personal name قا سم خو ر شيد
245 ## - TITLE STATEMENT
Title پو سٹر
Statement of responsibility, etc قا سم خو ر شيد
246 ## - VARYING FORM OF TITLE
Remainder of title Poster (Urdu)
Title proper/short title by Qasim Khursheed
260 ## - PUBLICATION, DISTRIBUTION, ETC. (IMPRINT)
Place of publication, distribution, etc N.Delhi
Name of publisher, distributor, etc Takhleeqkar Publishers
Date of publication, distribution, etc 1996 ء
270 ## - ADDRESS
Address 1779,Kucha Dakhni Rai ,Darya Ganj,
City N.Delhi
Postal code 110002
Telephone number -
Fax number -
300 ## - PHYSICAL DESCRIPTION
Extent 108 ص
Dimensions 22 Cm(Hb)
942 ## - ADDED ENTRY ELEMENTS (KOHA)
Source of classification or shelving scheme Dewey Decimal Classification
Item type Urdu Bks
Classification part ک
Call number suffix ق ا س
Holdings
Withdrawn status Lost status Not for loan Collection code Home library Current library Date acquired Source of acquisition Cost, normal purchase price Full call number Barcode Copy number Cost, replacement price Koha item type
      Fiction Central Library Central Library 06/01/2020 BPPD/Ven. 60.00 ک ق ا س A-845698 1 60.00 Urdu Bks

© Delhi Public Library
Hit Counter
free hit counter